[Event "12th BCC Open"]
[Site "Bangkok THA"]
[Date "2012.04.14"]
[Round "3"]
[White "Gustafsson, Jan"]
[Black "Contin, Daniel"]
[Result "1/2-1/2"]
[WhiteTitle "GM"]
[BlackTitle "IM"]
[WhiteElo "2642"]
[BlackElo "2331"]
[WhiteFideId "4625498"]
[BlackFideId "803618"]
[EventDate "2012.04.13"]

1. d4 Nf6 2. c4 e6 3. Nf3 b6 4. g3 Ba6 5. Qa4 Qe7 6. a3 c5 7. Bg2 Bb7 8. O-O
cxd4 9. Nxd4 Bxg2 10. Kxg2 Qc5 11. Rd1 Be7 12. f3 O-O 13. Be3 Rc8 14. Nd2 Qe5
15. Nf1 Nc6 16. Nxc6 Rxc6 17. Rxd7 Rxc4 18. Qxc4 Nxd7 19. Rd1 Nf8 20. Bd4 Rc8
21. Qa6 Qc7 22. Rd3 Rd8 23. Ne3 Rd7 24. Qb5 Qd8 25. Nc2 Rd5 26. Qc4 h5 27. Ne1
h4 28. Bc3 hxg3 29. hxg3 Rxd3 30. Nxd3 Ng6 31. Qe4 Bf6 32. Bxf6 gxf6 33. g4 Qc7
34. Kf2 Ne5 35. Nf4 Kf8 36. Nh5 Nc4 37. Kg2 Ke7 38. Qd4 e5 39. Qe4 Nd6 40. Qa8
Ne8 41. b4 a5 42. bxa5 bxa5 43. Ng3 Nd6 44. a4 Qb6 45. Qd5 Qb4 46. Qc6 Qc4 47.
Qb6 Qxa4 48. Qc7+ Ke6 49. Nh5 Qb5 50. Ng7+ Kd5 51. e4+ Nxe4 52. fxe4+ Kxe4 53.
Qc2+ Qd3 54. Qa4+ Qd4 55. Qxa5 Kf4 56. Qe1 Kg5 57. Qc1+ Kg6 58. Nf5 1/2-1/2

[Event "12th BCC Open"]
[Site "Bangkok THA"]
[Date "2012.04.14"]
[Round "3"]
[White "Amonatov, Farrukh"]
[Black "Mohota, Nisha"]
[Result "1-0"]
[WhiteTitle "GM"]
[BlackTitle "IM"]
[WhiteElo "2604"]
[BlackElo "2312"]
[WhiteFideId "14700077"]
[BlackFideId "5004330"]
[EventDate "2012.04.13"]

1. e4 e5 2. Nf3 Nc6 3. Bb5 a6 4. Ba4 Nf6 5. O-O Be7 6. Re1 b5 7. Bb3 d6 8. c3
Na5 9. Bc2 c5 10. d4 Qc7 11. Nbd2 O-O 12. h3 cxd4 13. cxd4 Nc6 14. Nb3 a5 15.
Be3 a4 16. Nbd2 Bd7 17. a3 Rac8 18. Bd3 Qb8 19. Qe2 exd4 20. Nxd4 Nxd4 21. Bxd4
Rfe8 22. Nf3 b4 23. axb4 Qxb4 24. Bc3 Qb6 25. Qd2 Bd8 26. Bc2 Ra8 27. Nd4 Be7
28. Qd3 g6 29. Qd2 Nh5 30. Nf5 Bf6 31. Bxf6 Nxf6 32. Nxd6 Re6 33. e5 Ne8 34.
Nxf7 Kxf7 35. Qxd7+ Kg8 36. Bxa4 Rb8 37. Bb3 Qxb3 38. Ra7 Reb6 39. Qxh7+ Kf8 40.
e6 1-0

[Event "12th BCC Open"]
[Site "Bangkok THA"]
[Date "2012.04.15"]
[Round "4"]
[White "Venkatesh, M.R."]
[Black "Wynn Zaw Htun"]
[Result "1-0"]
[WhiteTitle "IM"]
[BlackTitle "IM"]
[WhiteElo "2509"]
[BlackElo "2414"]
[WhiteFideId "5005779"]
[BlackFideId "13002783"]
[EventDate "2012.04.13"]

1. e4 c5 2. Nc3 d6 3. d4 cxd4 4. Qxd4 Nc6 5. Bb5 Bd7 6. Bxc6 Bxc6 7. Bg5 Nf6 8.
O-O-O e6 9. f4 Be7 10. Nf3 O-O 11. Qd3 Qc7 12. Nd4 Rfd8 13. f5 Ng4 14. Bxe7 Qxe7
15. Qg3 Ne5 16. Rhf1 Kh8 17. Rf2 Rac8 18. Rdf1 a6 19. Kb1 Bd7 20. b3 b5 21. fxe6
fxe6 22. Nce2 Kg8 23. Nf4 Rf8 24. Nf3 Nxf3 25. Rxf3 Bc6 26. Re1 e5 27. Nh5 g6
28. Ref1 Bxe4 29. Nf6+ Rxf6 30. Rxf6 Rxc2 31. Ka1 Rxg2 32. Qh4 Qc7 33. Rf8+ Kg7
34. Qf6+ Kh6 35. Qh4+ Kg7 36. R8f7+ Qxf7 37. Rxf7+ Kxf7 38. Qxe4 1-0

[Event "12th BCC Open"]
[Site "Bangkok THA"]
[Date "2012.04.15"]
[Round "4"]
[White "Liu, Qingnan"]
[Black "Amonatov, Farrukh"]
[Result "1/2-1/2"]
[WhiteTitle "IM"]
[BlackTitle "GM"]
[WhiteElo "2461"]
[BlackElo "2604"]
[WhiteFideId "8603294"]
[BlackFideId "14700077"]
[EventDate "2012.04.13"]

1. e4 c5 2. Nc3 d6 3. f4 Nc6 4. Nf3 g6 5. Bb5 Bd7 6. O-O Bg7 7. d3 a6 8. Bxc6
Bxc6 9. Qe1 Nf6 10. Qh4 Qd7 11. Bd2 h6 12. Rae1 O-O-O 13. e5 Nd5 14. Ne4 f5 15.
Nc3 g5 16. fxg5 hxg5 17. Qxg5 e6 18. Nxd5 Bxd5 19. exd6 Bxf3 20. Rxf3 Bh6 21.
Qxh6 Rxh6 22. Bxh6 Qxd6 23. Bf4 Qd4+ 24. Rf2 Qxb2 25. Rxe6 Qxa2 26. Re7 Rd7 27.
Re8+ Rd8 28. Re7 Rd4 29. Be5 Rd7 30. Re8+ Rd8 31. Re7 Rd7 1/2-1/2

[Event "12th BCC Open"]
[Site "Bangkok THA"]
[Date "2012.04.15"]
[Round "5"]
[White "Gustafsson, Jan"]
[Black "Venkatesh, M.R."]
[Result "0-1"]
[WhiteTitle "GM"]
[BlackTitle "IM"]
[WhiteElo "2642"]
[BlackElo "2509"]
[WhiteFideId "4625498"]
[BlackFideId "5005779"]
[EventDate "2012.04.13"]

1. d4 Nf6 2. c4 e6 3. Nf3 d5 4. Nc3 Bb4 5. cxd5 exd5 6. Bg5 Nbd7 7. e3 c5 8.
dxc5 Qa5 9. Rc1 O-O 10. a3 Bxc3+ 11. Rxc3 Ne4 12. b4 Nxc3 13. Qa1 Qa4 14. Qxc3
a5 15. b5 Nxc5 16. Qxc5 Bf5 17. Be2 Rac8 18. Qd4 Rc1+ 19. Bd1 Qxb5 20. Qd2 Rfc8
21. Nd4 Qb1 22. Ne2 R1c2 23. Qxa5 b6 24. Qa6 h6 25. O-O hxg5 26. Bxc2 Qxc2 27.
Nd4 Bd3 28. Nxc2 Bxa6 29. Nb4 Bxf1 30. Kxf1 Rc5 31. Ke2 Kf8 32. Kd3 Ke7 33. h3
Kd6 34. Nc2 Rc8 35. Nd4 Rc1 36. Ke2 Ra1 37. Nc2 Rc1 38. Kd2 Rf1 39. Ke2 Rb1 40.
Kd2 Kc5 41. Ne1 Kc4 42. Nf3 Rb2+ 0-1

[Event "12th BCC Open"]
[Site "Bangkok THA"]
[Date "2012.04.15"]
[Round "5"]
[White "Amonatov, Farrukh"]
[Black "Sriram, Jha"]
[Result "1/2-1/2"]
[WhiteTitle "GM"]
[BlackTitle "GM"]
[WhiteElo "2604"]
[BlackElo "2406"]
[WhiteFideId "14700077"]
[BlackFideId "5001668"]
[EventDate "2012.04.13"]

1. e4 e5 2. Nf3 Nc6 3. Bb5 a6 4. Ba4 Nf6 5. O-O Be7 6. Re1 b5 7. Bb3 d6 8. c3
O-O 9. h3 Nb8 10. d4 Nbd7 11. Nbd2 Bb7 12. Bc2 Re8 13. Nf1 Bf8 14. Ng3 g6 15. a4
Bg7 16. Bd3 c6 17. Be3 Qc7 18. Qd2 d5 19. dxe5 Nxe4 20. Bxe4 dxe4 21. Nxe4 Nxe5
22. Nxe5 Bxe5 23. Bd4 Bh2+ 24. Kh1 Rxe4 25. Rxe4 c5 26. Qe1 cxd4 27. Re7 Qc6 28.
Rxb7 Bd6 29. Re7 Bxe7 30. Qxe7 dxc3 31. bxc3 Qxc3 32. Rd1 b4 33. Qb7 Re8 34.
Qxa6 Re1+ 35. Rxe1 Qxe1+ 36. Kh2 Qxf2 37. Qd6 Qe1 1/2-1/2

[Event "12th BCC Open"]
[Site "Bangkok THA"]
[Date "2012.04.16"]
[Round "6"]
[White "Ghane, Shojaat"]
[Black "Xiu, Deshun"]
[Result "1-0"]
[WhiteTitle "GM"]
[BlackTitle "GM"]
[WhiteElo "2339"]
[BlackElo "2492"]
[WhiteFideId "12500313"]
[BlackFideId "8603693"]
[EventDate "2012.04.13"]

1. d4 d5 2. Nf3 Nf6 3. c4 e6 4. Nc3 Bb4 5. Qa4+ Nc6 6. a3 Bxc3+ 7. bxc3 O-O 8.
Bg5 h6 9. Bh4 g5 10. Bg3 Ne4 11. Qc2 h5 12. h4 Nxg3 13. fxg3 g4 14. Ng5 f5 15.
e3 Qd6 16. Qf2 Na5 17. cxd5 exd5 18. Bd3 c5 19. O-O c4 20. Bc2 Bd7 21. Kh2 Rae8
22. a4 b6 23. Rae1 Kg7 24. Qd2 Rf6 25. Re2 Ref8 26. Ref2 Qe7 27. e4 fxe4 28.
Nxe4 Rxf2 29. Nxf2 Nb3 30. Bxb3 cxb3 31. Re1 Qf6 32. Nd3 Re8 33. Ne5 Bxa4 34.
Qd3 Rf8 35. Qa6 b5 36. Qb7+ Kh6 37. Qxd5 Qf5 38. Qd6+ Rf6 39. Qd8 Kg7 40. Qe7+
Kh6 41. d5 b2 42. d6 b1=Q 43. Rxb1 Re6 44. Qxe6+ Qxe6 45. d7 Qxe5 46. d8=Q Kg7
47. Rf1 Bb3 48. Qd7+ Kg6 49. Qd3+ 1-0

[Event "12th BCC Open"]
[Site "Bangkok THA"]
[Date "2012.04.16"]
[Round "6"]
[White "Stany, G.A."]
[Black "Amonatov, Farrukh"]
[Result "0-1"]
[BlackTitle "GM"]
[WhiteElo "2376"]
[BlackElo "2604"]
[WhiteFideId "5029104"]
[BlackFideId "14700077"]
[EventDate "2012.04.13"]

1. e4 c5 2. Nf3 e6 3. b3 d6 4. Bb2 Nc6 5. Bb5 Bd7 6. O-O Nf6 7. Re1 Be7 8. c3
O-O 9. Na3 Rc8 10. Bf1 a6 11. Nc2 Ne5 12. d4 Nxf3+ 13. Qxf3 cxd4 14. Nxd4 b5 15.
c4 Qb6 16. cxb5 axb5 17. Rad1 Rfd8 18. Bd3 b4 19. h3 Qa5 20. Bb1 h6 21. Qd3 e5
22. Nc2 Bc6 23. Qf3 d5 24. Bxe5 dxe4 25. Qg3 Nh5 26. Qh2 Bb5 27. Nd4 Bd3 28.
Bxd3 exd3 29. Rxd3 f6 30. Nf5 Bc5 31. Bd4 Bxd4 32. Nxd4 Qb6 33. Nf5 Rxd3 34.
Ne7+ Kh7 35. Nxc8 Qe6 36. Rf1 Qxc8 37. g4 Qe6 38. gxh5 Rxh3 39. Qf4 Rxh5 40. f3
Rg5+ 41. Kf2 Qb6+ 42. Ke1 Re5+ 0-1

[Event "12th BCC Open"]
[Site "Bangkok THA"]
[Date "2012.04.17"]
[Round "7"]
[White "Amonatov, Farrukh"]
[Black "Ghane, Shojaat"]
[Result "1-0"]
[WhiteTitle "GM"]
[BlackTitle "GM"]
[WhiteElo "2604"]
[BlackElo "2339"]
[WhiteFideId "14700077"]
[BlackFideId "12500313"]
[EventDate "2012.04.13"]

1. e4 e6 2. d4 d5 3. Nc3 Nf6 4. Bg5 dxe4 5. Nxe4 Be7 6. Bxf6 Bxf6 7. Nf3 O-O 8.
Qd2 Be7 9. O-O-O Qd5 10. Nc3 Qa5 11. Bc4 Bb4 12. Rhe1 Nd7 13. a3 b5 14. axb4
Qa1+ 15. Nb1 bxc4 16. Re3 Qa6 17. Ne5 f6 18. Ra3 Qb5 19. Ra5 Qb7 20. Nxc4 Qxg2
21. f4 Qc6 22. Ne3 Nb6 23. Nc3 Bb7 24. f5 Rfe8 25. b3 Rad8 26. Rxa7 Ra8 27. Rxa8
Rxa8 28. fxe6 Qxe6 29. Kb2 f5 30. d5 Qe5 31. Qd4 Re8 32. Nc4 Nxc4+ 33. Qxc4 Kh8
34. Rd2 Rf8 35. Re2 Qf6 36. Qxc7 Bxd5 37. Qe5 Qxe5 38. Rxe5 Bg2 39. b5 g5 40. b6
Bc6 41. b4 g4 42. b5 Ba8 43. Re7 f4 44. b7 Bxb7 45. Rxb7 f3 46. Nd1 f2 47. Ne3
f1=Q 48. Nxf1 Rxf1 49. Rd7 Rf5 50. c4 Rf2+ 51. Kc3 Rxh2 52. b6 Rh1 53. Rd2 Rh3+
54. Kb4 Rh6 55. c5 Rg6 56. Rd8+ Kg7 57. b7 1-0

[Event "12th BCC Open"]
[Site "Bangkok THA"]
[Date "2012.04.17"]
[Round "7"]
[White "Nguyen, Duc Hoa"]
[Black "Venkatesh, M.R."]
[Result "1-0"]
[WhiteTitle "IM"]
[BlackTitle "IM"]
[WhiteElo "2453"]
[BlackElo "2509"]
[WhiteFideId "12401358"]
[BlackFideId "5005779"]
[EventDate "2012.04.13"]

1. d4 Nf6 2. c4 e6 3. Nf3 d5 4. g3 Bb4+ 5. Bd2 Be7 6. Bg2 c6 7. Qc2 O-O 8. O-O
b6 9. Rd1 Ba6 10. b3 Nbd7 11. a4 Ne4 12. Be1 f5 13. Nc3 Bf6 14. a5 Nd6 15. cxd5
cxd5 16. Ra2 Rc8 17. axb6 Qxb6 18. Rda1 Bb7 19. Qd1 Ne4 20. Na4 Qd6 21. Nb2 Nc3
22. Bxc3 Rxc3 23. Rxa7 Qb4 24. Nd3 Qxb3 25. Qe1 Bc8 26. Rc1 Rc4 27. Rb1 Qc3 28.
Qxc3 Rxc3 29. Bf1 Rf7 30. Ra8 Rc7 31. e3 Rf8 32. h4 Rd8 33. Be2 Nf8 34. Nc5 Be7
35. Ne5 Ng6 36. Ned3 Bxc5 37. Nxc5 Kf7 38. Rb6 Rf8 39. Bh5 e5 40. Nd3 exd4 41.
exd4 Kg8 42. Bxg6 hxg6 43. Ne5 f4 44. gxf4 Rc1+ 45. Kh2 Bf5 46. Ra7 Kh7 47. Rbb7
Rg8 48. Rf7 Kh6 49. Ra6 Kh5 50. Raa7 Kh6 51. Rac7 Rd1 52. Rc6 Kh5 53. Rcc7 Kh6
54. Nc6 Be4 55. f3 Ra8 56. Ra7 Rxa7 57. Rxa7 Bxf3 58. Ra8 Kh7 59. Ne5 Bh5 60.
Nf7 g5 61. Rh8+ Kg6 62. Ne5+ Kf5 63. Rxh5 Kxf4 64. Rxg5 Rxd4 65. Kh3 Rd1 66.
Ng6+ Ke3 67. Rg3+ Ke4 68. Rg4+ Ke3 69. Ne7 Kf3 70. Rg3+ Kf4 71. Rxg7 d4 72. Rf7+
Ke4 73. Nf5 d3 74. Ng3+ Ke3 75. Re7+ Kd4 76. Rd7+ Ke3 77. h5 d2 78. h6 1-0

[Event "12th BCC Open"]
[Site "Bangkok THA"]
[Date "2012.04.17"]
[Round "7"]
[White "Wan, Yunguo"]
[Black "Nguyen, Van Huy"]
[Result "1/2-1/2"]
[BlackTitle "IM"]
[WhiteElo "2441"]
[BlackElo "2485"]
[WhiteFideId "8603189"]
[BlackFideId "12401064"]
[EventDate "2012.04.13"]

1. e4 c5 2. Nf3 Nc6 3. d4 cxd4 4. Nxd4 g6 5. Nc3 Bg7 6. Be3 Nf6 7. Bc4 O-O 8.
Bb3 d6 9. f3 Bd7 10. Qd2 Nxd4 11. Bxd4 b5 12. O-O a5 13. a4 b4 14. Nd5 Nxd5 15.
exd5 Bxd4+ 16. Qxd4 Qc7 17. Rfe1 Rfe8 18. Kh1 e5 19. dxe6 Bxe6 20. Bxe6 Rxe6 21.
Rxe6 fxe6 22. Qe4 Re8 23. Rd1 Qc5 24. h4 d5 25. Qe5 Qxc2 26. Rxd5 exd5 27. Qxe8+
Kg7 28. Qe5+ Kf8 29. Kh2 h5 30. Kg3 b3 31. Qf6+ Kg8 32. Qe6+ Kg7 33. Qe7+ Kg8
34. Qe6+ Kg7 35. Qe5+ Kh7 36. Qe7+ Kg8 37. Qf6 Kh7 38. Qe5 Qd2 39. Qc7+ Kg8 40.
Qb8+ Kg7 41. Qe5+ Kg8 42. Qe8+ Kg7 43. Qe7+ Kg8 44. Qe8+ Kg7 45. Qe5+ Kf8 1/2-1/2

[Event "12th BCC Open"]
[Site "Bangkok THA"]
[Date "2012.04.18"]
[Round "8"]
[White "Nguyen, Van Huy"]
[Black "Liu, Qingnan"]
[Result "1-0"]
[WhiteTitle "IM"]
[BlackTitle "IM"]
[WhiteElo "2485"]
[BlackElo "2461"]
[WhiteFideId "12401064"]
[BlackFideId "8603294"]
[EventDate "2012.04.13"]

1. d4 d6 2. g3 g6 3. Bg2 Bg7 4. Nf3 c5 5. O-O cxd4 6. Nxd4 Qb6 7. Nb3 Nc6 8. Nc3
Nf6 9. e4 Bg4 10. Nd5 Nxd5 11. Qxg4 Nf6 12. Qe2 O-O 13. Be3 Qc7 14. f4 Nd7 15.
c3 Na5 16. Kh1 Nc4 17. Bg1 Rac8 18. Nd4 a6 19. b3 Na5 20. Rac1 e5 21. Nf3 Rfe8
22. f5 Nf6 23. fxg6 hxg6 24. c4 Nc6 25. Rcd1 Nd8 26. Ng5 Qe7 27. Rd3 Ne6 28.
Nxe6 Qxe6 29. Rfd1 Rc6 30. Be3 b5 31. cxb5 axb5 32. R3d2 Rb8 33. Rc2 Qc8 34.
Rdc1 Rxc2 35. Rxc2 Qb7 36. Qd3 Bf8 37. h3 Ra8 38. Kh2 Ra6 39. Bd2 Nd7 40. Qd5
Qa7 41. b4 Ra3 42. Be1 Nf6 43. Qxb5 Rxa2 44. Qc4 Rxc2 45. Qxc2 Bh6 46. Qf2 Qxf2
47. Bxf2 Kf8 48. Kg1 Ke7 49. Kf1 Bd2 50. b5 Nd7 51. Ke2 Ba5 52. h4 f5 53. Be3
Bb6 54. Bg5+ Ke6 55. h5 gxh5 56. Bh3 Nc5 57. Bxf5+ Kf7 58. Kd2 Nb3+ 59. Kd3 Na5
60. Kc3 Bf2 61. Kb4 Be1+ 62. Ka4 Nb7 63. b6 Bxg3 64. Kb5 Bf2 65. Kc6 Nc5 66. b7
Na6 67. Kxd6 Ba7 68. Kxe5 Bb8+ 69. Kd5 Nb4+ 70. Kc5 Nd3+ 71. Kb5 Ne5 72. Ka6 Nc4
73. Bd8 Nd6 74. Kb6 Nc4+ 75. Kc6 Ne5+ 76. Kd5 Nd3 77. Bh4 Ne5 78. Be1 Nd3 79.
Bc3 h4 80. e5 Nf4+ 81. Ke4 Ne2 82. e6+ Ke7 83. Bb4+ Kf6 84. e7 Ng3+ 85. Kf3 1-0

[Event "12th BCC Open"]
[Site "Bangkok THA"]
[Date "2012.04.18"]
[Round "8"]
[White "Sriram, Jha"]
[Black "Nguyen, Duc Hoa"]
[Result "1/2-1/2"]
[WhiteTitle "GM"]
[BlackTitle "IM"]
[WhiteElo "2406"]
[BlackElo "2453"]
[WhiteFideId "5001668"]
[BlackFideId "12401358"]
[EventDate "2012.04.13"]

1. d4 d5 2. c4 e6 3. Nf3 c6 4. Qc2 Nf6 5. Bg5 Qa5+ 6. Bd2 Qb6 7. Nc3 Nbd7 8. e3
Qd8 9. Bd3 Bd6 10. O-O O-O 11. Rad1 Qe7 12. Rfe1 dxc4 13. Bxc4 b5 14. Bd3 Bb7
15. e4 e5 16. Ne2 c5 17. Ng3 c4 18. Nf5 Qe6 19. Ng5 cxd3 20. Qb1 Qe8 21. Nxd6
Qb8 22. Nxb7 Qxb7 23. Qxd3 h6 24. Nf3 Rfd8 25. Ba5 Re8 26. dxe5 Nxe5 27. Nxe5
Rxe5 28. Bc3 Rxe4 29. Bxf6 Rxe1+ 30. Rxe1 gxf6 31. Re3 Qc6 32. Rg3+ Kh8 33. Qd2
Kh7 34. Rh3 f5 35. Qf4 Re8 36. Qxf5+ Kh8 37. Qb1 Qc2 38. Qf1 Rd8 39. Re3 Rd1 40.
Re1 Rxe1 41. Qxe1 Qxb2 42. g3 Qxa2 43. Qe5+ Kg8 44. Qxb5 Qa1+ 45. Kg2 a5 46. Qc4
Qe5 47. h4 Kg7 48. Qg4+ Kf6 49. Qc4 Ke7 50. g4 Qd6 51. Qe4+ Qe6 52. Qb7+ Qd7 53.
Qe4+ Kf8 54. g5 hxg5 55. hxg5 a4 56. f4 Qa7 57. Qb4+ Kg8 58. Qa3 Qb7+ 59. Kf2
Qb3 60. Qe7 Qb2+ 61. Kf3 a3 62. g6 Qb3+ 63. Kf2 Qc2+ 64. Kf3 Qd3+ 65. Kf2 Qd4+
66. Kg3 Qg1+ 67. Kh4 Qf2+ 68. Kg4 Qg2+ 69. Kh4 Qh2+ 70. Kg4 Qg2+ 71. Kh4 fxg6
72. Qe8+ Kg7 73. Qe7+ 1/2-1/2

[Event "12th BCC Open"]
[Site "Bangkok THA"]
[Date "2012.04.19"]
[Round "9"]
[White "Amonatov, Farrukh"]
[Black "Nguyen, Van Huy"]
[Result "1-0"]
[WhiteTitle "GM"]
[BlackTitle "IM"]
[WhiteElo "2604"]
[BlackElo "2485"]
[WhiteFideId "14700077"]
[BlackFideId "12401064"]
[EventDate "2012.04.13"]

1. e4 c5 2. c3 d5 3. exd5 Qxd5 4. d4 Nf6 5. Nf3 e6 6. Na3 Qd8 7. Nc2 Nc6 8. Bd3
Be7 9. O-O O-O 10. Qe2 b6 11. dxc5 bxc5 12. Bf4 Bb7 13. Rad1 Qa5 14. Na3 Nd5 15.
Bg3 Rfc8 16. Nc4 Qd8 17. h4 Qf8 18. Rfe1 Rd8 19. Qc2 h6 20. Qb3 Ba6 21. Qa4 Bxc4
22. Qxc4 Rac8 23. Be4 Nf6 24. Bxc6 Rxc6 25. Qa4 Rxd1 26. Rxd1 Qa8 27. Be5 Qb7
28. Qc2 Rc8 29. c4 Rd8 30. Rxd8+ Bxd8 31. Bxf6 Bxf6 32. b3 g6 33. Qd3 Kg7 34. g3
Qa6 35. Qd2 Qc6 36. Qd3 Qa6 37. Qe2 Qd6 38. Kg2 Qc6 39. Kg1 Qd6 40. Kf1 Qc6 41.
Qe3 Qd6 42. g4 Qd1+ 43. Kg2 Qd6 44. g5 hxg5 45. hxg5 Bb2 46. Qe4 a6 47. Qe3 Qc6
48. Kf1 Qd6 49. Ke2 e5 50. Qe4 Bd4 51. Nd2 Bxf2 52. Qd5 Qxd5 53. cxd5 Bd4 54.
Ne4 Kf8 55. Kd3 Ke7 56. Kc4 Bg1 57. a4 Bd4 58. a5 Be3 59. Nxc5 Bxg5 60. Nxa6 f5
61. Nc5 f4 62. a6 f3 63. Kd3 f2 64. Ke2 1-0